مكتبة جامعة عجلون الوطنية

فهرس بحث المكتبة

Normal view MARC view
  • تاليف كيرك، جورج؛ ترجمة وتعليق التكريتي، سليم طه ، ترجمة وتعليق التكريتي، برهان عبد

Entry Personal Name

Number of records used in: 1

001 - CONTROL NUMBER

  • control field: 19290

003 - CONTROL NUMBER IDENTIFIER

  • control field: JO-AjAnu

005 - DATE AND TIME OF LATEST TRANSACTION

  • control field: 20230606073355.0

008 - FIXED-LENGTH DATA ELEMENTS

  • fixed length control field: 230606|| aca||aabn | a|a d

040 ## - CATALOGING SOURCE

  • Original cataloging agency: JO-AjAnu
  • Transcribing agency: JO-AjAnu

100 ## - HEADING--PERSONAL NAME

  • Personal name: تاليف كيرك، جورج؛ ترجمة وتعليق التكريتي، سليم طه ، ترجمة وتعليق التكريتي، برهان عبد

670 ## - SOURCE DATA FOUND

  • Source citation: Work cat.: (JO-AjAnu)9904: تاليف كيرك، جورج؛ ترجمة وتعليق التكريتي، سليم طه ، ترجمة وتعليق التكريتي، برهان عبد, author, الشرق الاوسط في اعقاب الحرب العالمية الثانية: العراق، مصر، فلسطين، سوريا، السعودية، تركيا وايران، الجزء الأول